Tilastot visalle Eduskuntapuolueiden puheenjohtajat

Klikkaa tästä pelataksesi tätä visaa!

Yleistilastot

  • Tätä visaa on pelattu 91 kertaa
    (29 viimeisimmän päivityksen jälkeen)
  • Keskiarvotulos 9 / 9

Vastaustilastot

PuoluePuheenjohtajaVuodesta% Oikein
Liike NytHjallis Harkimo2018
100%
VasemmistoliittoLi Andersson2016
100%
KokoomusPetteri Orpo2016
100%
PerussuomalaisetRiikka Purra2021
100%
RKPAnna-Maja Henriksson2016
96%
KeskustaAnnika Saarikko2021
96%
SDPAntti Lindtman2023
96%
KristillisdemokraatitSari Essayah2015
96%
VihreätSofia Virta2023
92%

Tulosjakauma

Persentiili vastausten määrän mukaan

Jokaisen tuloksen saaneiden osuus

Tuloshistoriasi

Et ole pelannut tätä visaa sen viimeisimmän päivityksen jälkeen